| 000 | 00526nam a22001697a 4500 | ||
|---|---|---|---|
| 005 | 20091019094933.0 | ||
| 008 | 091019t xxu||||| |||| 00| 0 eng d | ||
| 020 | _a81-8881039-8 | ||
| 080 |
_a791.43-2 _bSEB |
||
| 100 |
_aSebastian, K.C. _97284 |
||
| 245 | _aNattelli cinema | ||
| 260 |
_aKochi _bPranatha books _c2005 _97285 |
||
| 300 | _a96p. | ||
| 653 |
_aFilm studies _aFilm criticism |
||
| 942 | _cBK | ||
| 952 |
_w2009-10-19 _p00054391 _r2009-10-19 _40 _00 _bUL _10 _o791.43-2 SEB _d2009-10-19 _70 _2udc _yBK _aUL |
||
| 999 |
_c8721 _d8720 |
||